[Event "DEM U14 2021"]
[Site "Willingen GER"]
[Date "2021.08.23"]
[Round "1"]
[White "von Mettenheim, Johannes"]
[Black "Krüger, Arthur"]
[Result "1/2-1/2"]
[Termination "normal"]
[Board "5"]
[WhiteElo "1953"]
[BlackElo "1643"]
[WhiteClock "00:54:52"]
[BlackClock "00:07:27"]
[PlyCount "133"]
[WhiteFideId "16244818"]
[BlackFideId "16244966"]
[EventCountry "GER"]
[EventRounds "9"]
[EventType "swiss"]
[EventDate "2021.08.22"]

1. d4 {[%clk 1:30:58]} d5 {[%clk 1:30:51]} 2. c4 {[%clk 1:31:23]} e6 {[%clk
1:31:17]} 3. Nc3 {[%clk 1:31:42]} Nf6 {[%clk 1:31:42]} 4. Bg5 {[%clk 1:32:05]}
Be7 {[%clk 1:32:07]} 5. e3 {[%clk 1:32:28]} Nbd7 {[%clk 1:32:27]} 6. Nf3 {[%clk
1:32:48]} h6 {[%clk 1:32:50]} 7. Bh4 {[%clk 1:33:01]} O-O {[%clk 1:33:10]} 8.
Qc2 {[%clk 1:33:16]} c5 {[%clk 1:31:11]} 9. cxd5 {[%clk 1:33:27]} Nxd5 {[%clk
1:26:10]} 10. Bxe7 {[%clk 1:33:46]} Nxe7 {[%clk 1:25:50]} 11. Be2 {[%clk
1:30:20]} Nc6 {[%clk 1:23:02]} 12. O-O {[%clk 1:28:41]} cxd4 {[%clk 1:22:03]}
13. exd4 {[%clk 1:29:06]} Nf6 {[%clk 1:21:36]} 14. Rad1 {[%clk 1:28:51]} Nd5
{[%clk 1:19:52]} 15. Ne5 {[%clk 1:27:28]} Nxe5 {[%clk 1:13:10]} 16. dxe5 {[%clk
1:27:36]} Qc7 {[%clk 1:13:14]} 17. Qe4 {[%clk 1:25:39]} Nxc3 {[%clk 1:12:18]}
18. bxc3 {[%clk 1:26:04]} Bd7 {[%clk 1:02:32]} 19. Bd3 {[%clk 1:23:09]} g6
{[%clk 1:02:16]} 20. Qf4 {[%clk 1:22:29]} Kh7 {[%clk 0:59:38]} 21. Rfe1 {[%clk
1:18:20]} f5 {[%clk 0:50:36]} 22. Qb4 {[%clk 1:18:40]} Bc6 {[%clk 0:49:06]} 23.
Bc4 {[%clk 1:18:49]} Qf7 {[%clk 0:33:48]} 24. Rd6 {[%clk 1:19:06]} Rfe8 {[%clk
0:31:47]} 25. Qb3 {[%clk 1:18:35]} Qe7 {[%clk 0:25:01]} 26. Rxe6 {[%clk
1:16:08]} Qg5 {[%clk 0:23:56]} 27. Bf1 {[%clk 1:16:23]} f4 {[%clk 0:22:24]} 28.
Rxe8 {[%clk 1:16:35]} Rxe8 {[%clk 0:22:31]} 29. Qf7+ {[%clk 1:17:01]} Kh8
{[%clk 0:22:52]} 30. h4 {[%clk 1:06:23]} Qxh4 {[%clk 0:18:03]} 31. Qxg6 {[%clk
1:06:43]} Qg5 {[%clk 0:18:16]} 32. Qxg5 {[%clk 1:06:43]} hxg5 {[%clk 0:18:44]}
33. g3 {[%clk 1:04:32]} Kg7 {[%clk 0:17:48]} 34. gxf4 {[%clk 1:00:25]} gxf4
{[%clk 0:17:53]} 35. Bg2 {[%clk 1:00:47]} Kg6 {[%clk 0:11:49]} 36. Bxc6 {[%clk
1:00:14]} bxc6 {[%clk 0:12:11]} 37. e6 {[%clk 0:53:23]} Kf6 {[%clk 0:12:23]}
38. Re4 {[%clk 0:53:24]} Kf5 {[%clk 0:12:24]} 39. Ra4 {[%clk 0:53:46]} Rxe6
{[%clk 0:12:33]} 40. Rxa7 {[%clk 0:54:09]} f3 {[%clk 0:12:19]} 41. Rd7 {[%clk
0:43:46]} Kg4 {[%clk 0:30:04]} 42. Rd1 {[%clk 1:14:06]} Re2 {[%clk 0:22:53]}
43. Ra1 {[%clk 1:14:02]} Rc2 {[%clk 0:22:01]} 44. a4 {[%clk 1:14:27]} Rxc3
{[%clk 0:21:24]} 45. a5 {[%clk 1:14:54]} Rd3 {[%clk 0:21:00]} 46. a6 {[%clk
1:15:07]} Rd8 {[%clk 0:21:27]} 47. a7 {[%clk 1:15:23]} Ra8 {[%clk 0:21:41]} 48.
Ra4+ {[%clk 1:14:35]} Kh3 {[%clk 0:20:04]} 49. Kf1 {[%clk 1:14:09]} c5 {[%clk
0:17:27]} 50. Ra3 {[%clk 1:08:47]} Kh2 51. Ra4 {[%clk 1:05:30]} Kh3 {[%clk
0:15:44]} 52. Ke1 {[%clk 1:05:47]} c4 {[%clk 0:14:33]} 53. Kd2 {[%clk 1:04:18]}
Kg2 {[%clk 0:14:37]} 54. Ke3 {[%clk 1:03:33]} c3 {[%clk 0:11:28]} 55. Rg4+
{[%clk 1:02:30]} Kf1 {[%clk 0:11:19]} 56. Kxf3 {[%clk 0:57:36]} Rxa7 {[%clk
0:07:24]} 57. Rh4 {[%clk 0:52:33]} Rf7+ {[%clk 0:06:46]} 58. Ke3 {[%clk
0:52:51]} Rxf2 {[%clk 0:05:54]} 59. Kd3 {[%clk 0:52:11]} Rf3+ {[%clk 0:05:30]}
60. Kc2 {[%clk 0:52:34]} Kf2 {[%clk 0:05:28]} 61. Rh8 {[%clk 0:52:42]} Kg3
{[%clk 0:05:40]} 62. Rg8+ {[%clk 0:52:47]} Kf4 {[%clk 0:05:59]} 63. Rf8+ {[%clk
0:53:11]} Kg3 64. Rg8+ {[%clk 0:53:36]} Kf4 {[%clk 0:06:39]} 65. Rf8+ {[%clk
0:54:00]} Kg3 66. Rg8+ {[%clk 0:54:25]} Kf4 {[%clk 0:07:27]} 67. Rf8+ {[%clk
0:54:52]} 1/2-1/2

[Event "DEM U14 2021"]
[Site "Willingen GER"]
[Date "2021.08.23"]
[Round "1"]
[White "Ensslinger, Colin"]
[Black "Prieb, Robert"]
[Result "1/2-1/2"]
[Termination "normal"]
[Board "6"]
[BlackTitle "CM"]
[WhiteElo "1729"]
[BlackElo "1950"]
[WhiteClock "00:48:20"]
[BlackClock "00:21:45"]
[PlyCount "47"]
[WhiteFideId "16226011"]
[BlackFideId "16212002"]
[EventCountry "GER"]
[EventRounds "9"]
[EventType "swiss"]
[EventDate "2021.08.22"]

1. e4 {[%clk 1:30:59]} c5 {[%clk 1:30:45]} 2. Nf3 {[%clk 1:31:20]} d6 {[%clk
1:30:58]} 3. d4 {[%clk 1:31:44]} cxd4 {[%clk 1:31:05]} 4. Nxd4 {[%clk 1:32:06]}
Nf6 {[%clk 1:31:13]} 5. Nc3 {[%clk 1:32:28]} a6 {[%clk 1:31:22]} 6. g3 {[%clk
1:32:51]} e5 {[%clk 1:26:51]} 7. Nde2 {[%clk 1:33:06]} h6 {[%clk 1:24:35]} 8.
Bg2 {[%clk 1:33:09]} Be6 {[%clk 1:20:27]} 9. O-O {[%clk 1:32:19]} Qc8 {[%clk
1:13:39]} 10. Be3 {[%clk 1:18:55]} Ng4 {[%clk 1:09:32]} 11. Nd5 {[%clk
1:18:24]} Nd7 {[%clk 1:03:51]} 12. Nec3 {[%clk 1:14:58]} Nxe3 {[%clk 0:58:42]}
13. Nxe3 {[%clk 1:14:07]} Nf6 {[%clk 0:56:15]} 14. Ncd5 {[%clk 1:11:03]} Nxd5
{[%clk 0:49:32]} 15. Nxd5 {[%clk 1:11:15]} Bxd5 {[%clk 0:49:04]} 16. Qxd5
{[%clk 1:10:58]} Be7 {[%clk 0:46:50]} 17. c3 {[%clk 1:10:24]} O-O {[%clk
0:45:56]} 18. a4 {[%clk 1:07:55]} Qc6 {[%clk 0:42:08]} 19. Rfd1 {[%clk
1:02:25]} Rac8 {[%clk 0:36:27]} 20. Bh3 {[%clk 1:00:07]} Rc7 {[%clk 0:35:51]}
21. a5 {[%clk 0:59:49]} Rb8 {[%clk 0:30:13]} 22. Ra3 {[%clk 0:56:13]} Bf8
{[%clk 0:25:40]} 23. Rb3 {[%clk 0:48:20]} Qa4 {[%clk 0:21:45]} 24. Rb4 1/2-1/2

[Event "DEM U14 2021"]
[Site "Willingen GER"]
[Date "2021.08.23"]
[Round "1"]
[White "Ohler, Julius"]
[Black "Uhlmann, Tim"]
[Result "1-0"]
[Termination "normal"]
[Board "7"]
[WhiteElo "2014"]
[BlackElo "1704"]
[WhiteClock "00:14:45"]
[BlackClock "00:06:09"]
[PlyCount "115"]
[WhiteFideId "16238982"]
[BlackFideId "16239210"]
[EventCountry "GER"]
[EventRounds "9"]
[EventType "swiss"]
[EventDate "2021.08.22"]

1. d4 {[%clk 1:30:57]} d5 {[%clk 1:30:56]} 2. c4 {[%clk 1:31:23]} e6 {[%clk
1:31:20]} 3. Nc3 {[%clk 1:31:49]} c5 {[%clk 1:31:43]} 4. cxd5 {[%clk 1:32:15]}
cxd4 {[%clk 1:32:06]} 5. Qxd4 {[%clk 1:31:52]} Nc6 {[%clk 1:32:26]} 6. Qd1
{[%clk 1:27:40]} exd5 {[%clk 1:32:44]} 7. e3 {[%clk 1:25:24]} d4 {[%clk
1:31:33]} 8. exd4 {[%clk 1:25:22]} Qxd4 {[%clk 1:31:12]} 9. Be3 {[%clk
1:25:41]} Qxd1+ {[%clk 1:31:29]} 10. Rxd1 {[%clk 1:26:01]} Be6 {[%clk 1:31:40]}
11. Bb5 {[%clk 1:25:49]} Bb4 {[%clk 1:31:14]} 12. a3 {[%clk 1:18:25]} Bxc3+
{[%clk 1:29:01]} 13. bxc3 {[%clk 1:18:47]} Nge7 {[%clk 1:28:52]} 14. Ne2 {[%clk
1:14:16]} a6 {[%clk 1:28:51]} 15. Bd3 {[%clk 1:11:45]} Ne5 {[%clk 1:28:15]} 16.
Be4 {[%clk 1:11:13]} N7c6 {[%clk 1:27:52]} 17. Nd4 {[%clk 1:07:35]} Bc4 {[%clk
1:23:14]} 18. Rb1 {[%clk 1:02:53]} Na5 {[%clk 1:18:27]} 19. Nf5 {[%clk
0:49:22]} O-O-O {[%clk 1:03:24]} 20. Ne7+ {[%clk 0:39:13]} Kd7 {[%clk 0:52:44]}
21. Nd5 {[%clk 0:34:18]} Ke8 {[%clk 0:44:53]} 22. Nb4 {[%clk 0:25:05]} Nac6
{[%clk 0:40:36]} 23. Nxc6 {[%clk 0:22:19]} bxc6 {[%clk 0:40:37]} 24. Bd4 {[%clk
0:21:33]} Nd3+ {[%clk 0:37:58]} 25. Kd2 {[%clk 0:21:11]} Nxf2 {[%clk 0:37:06]}
26. Bxc6+ {[%clk 0:21:13]} Kf8 {[%clk 0:36:44]} 27. Rhe1 {[%clk 0:20:32]} h5
{[%clk 0:25:56]} 28. Rb4 {[%clk 0:18:28]} Be6 {[%clk 0:20:05]} 29. h3 {[%clk
0:15:08]} Bf5 {[%clk 0:18:44]} 30. Re3 {[%clk 0:14:11]} Rh6 {[%clk 0:17:30]}
31. Bf3 {[%clk 0:13:04]} Re6 {[%clk 0:16:37]} 32. Rxe6 {[%clk 0:12:40]} fxe6
{[%clk 0:16:46]} 33. Ke3 {[%clk 0:12:48]} Nd3 {[%clk 0:16:33]} 34. Rb7 {[%clk
0:08:12]} g6 {[%clk 0:13:43]} 35. g4 {[%clk 0:08:07]} hxg4 {[%clk 0:11:51]} 36.
hxg4 {[%clk 0:08:29]} e5 {[%clk 0:09:01]} 37. gxf5 {[%clk 0:08:48]} exd4+
{[%clk 0:08:41]} 38. Kxd3 {[%clk 0:09:22]} dxc3+ {[%clk 0:09:32]} 39. Kxc3
{[%clk 0:09:44]} gxf5 {[%clk 0:09:31]} 40. Rb6 {[%clk 0:10:04]} Rc8+ {[%clk
0:03:49]} 41. Rc6 {[%clk 0:09:49]} Re8 {[%clk 0:03:35]} 42. Rf6+ {[%clk
0:09:07]} Kg7 {[%clk 0:03:58]} 43. Rxf5 {[%clk 0:09:32]} Re3+ {[%clk 0:04:14]}
44. Kb4 {[%clk 0:09:46]} Kg6 {[%clk 0:04:11]} 45. Rf8 {[%clk 0:09:50]} a5+
{[%clk 0:03:56]} 46. Ka4 {[%clk 0:10:11]} Kg5 {[%clk 0:03:57]} 47. Bc6 {[%clk
0:10:26]} Re6 {[%clk 0:03:44]} 48. Bb5 {[%clk 0:10:44]} Re3 {[%clk 0:03:52]}
49. Rd8 {[%clk 0:11:02]} Kf6 {[%clk 0:03:57]} 50. Rd3 {[%clk 0:11:29]} Rxd3
{[%clk 0:03:35]} 51. Bxd3 {[%clk 0:11:50]} Ke7 {[%clk 0:04:02]} 52. Kxa5 {[%clk
0:12:13]} Kd6 {[%clk 0:04:21]} 53. Kb6 {[%clk 0:12:39]} Kd5 {[%clk 0:04:45]}
54. a4 {[%clk 0:13:04]} Kd4 {[%clk 0:04:59]} 55. a5 {[%clk 0:13:30]} Kxd3
{[%clk 0:05:18]} 56. a6 {[%clk 0:13:56]} Kd4 {[%clk 0:05:44]} 57. a7 {[%clk
0:14:22]} Kd5 {[%clk 0:06:09]} 58. a8=Q+ {[%clk 0:14:45]} 1-0

[Event "DEM U14 2021"]
[Site "Willingen GER"]
[Date "2021.08.23"]
[Round "1"]
[White "Bock, Marlon"]
[Black "Rempe, Jonas"]
[Result "1-0"]
[Termination "normal"]
[Board "8"]
[WhiteElo "1767"]
[BlackElo "2026"]
[WhiteClock "00:15:17"]
[BlackClock "00:01:23"]
[PlyCount "53"]
[WhiteFideId "16244931"]
[BlackFideId "16202406"]
[EventCountry "GER"]
[EventRounds "9"]
[EventType "swiss"]
[EventDate "2021.08.22"]

1. d4 {[%clk 1:30:56]} Nf6 {[%clk 1:30:53]} 2. Nf3 {[%clk 1:31:14]} g6 {[%clk
1:31:18]} 3. Nc3 {[%clk 1:31:27]} d5 {[%clk 1:31:41]} 4. Bf4 {[%clk 1:31:13]}
Bg7 {[%clk 1:31:55]} 5. Qd2 {[%clk 1:30:57]} O-O {[%clk 1:31:57]} 6. Bh6 {[%clk
1:29:47]} c6 {[%clk 1:32:19]} 7. Bxg7 {[%clk 1:23:08]} Kxg7 {[%clk 1:32:42]} 8.
e3 {[%clk 1:22:46]} Qc7 {[%clk 1:32:34]} 9. Ne5 {[%clk 1:20:37]} Nbd7 {[%clk
1:27:09]} 10. f4 {[%clk 1:18:16]} e6 {[%clk 1:17:54]} 11. Bd3 {[%clk 1:15:07]}
c5 {[%clk 1:16:52]} 12. O-O {[%clk 1:08:57]} a6 {[%clk 1:11:44]} 13. a4 {[%clk
1:05:15]} b6 {[%clk 1:09:40]} 14. Qf2 {[%clk 0:59:26]} c4 {[%clk 1:01:04]} 15.
Be2 {[%clk 0:59:10]} Ne8 {[%clk 0:42:41]} 16. Qh4 {[%clk 0:44:03]} Nd6 {[%clk
0:41:17]} 17. g4 {[%clk 0:41:40]} Rb8 {[%clk 0:34:59]} 18. Kh1 {[%clk 0:37:25]}
b5 {[%clk 0:29:25]} 19. f5 {[%clk 0:32:51]} exf5 {[%clk 0:11:14]} 20. gxf5
{[%clk 0:31:57]} b4 {[%clk 0:01:52]} 21. Nxd5 {[%clk 0:19:12]} Bb7 {[%clk
0:01:41]} 22. e4 {[%clk 0:19:00]} Bxd5 {[%clk 0:01:12]} 23. exd5 {[%clk
0:18:50]} Nf6 {[%clk 0:00:59]} 24. Rf4 {[%clk 0:15:49]} Nxd5 {[%clk 0:00:56]}
25. f6+ {[%clk 0:14:57]} Kh8 {[%clk 0:01:19]} 26. Qh6 {[%clk 0:15:07]} Rg8
{[%clk 0:01:23]} 27. Qxh7+ {[%clk 0:15:17]} 1-0

[Event "DEM U14 2021"]
[Site "Willingen GER"]
[Date "2021.08.23"]
[Round "1"]
[White "Hayen, Andre"]
[Black "Kempe, Caius Emilian"]
[Result "1/2-1/2"]
[Termination "normal"]
[Board "10"]
[WhiteElo "1438"]
[BlackElo "2013"]
[WhiteClock "00:08:55"]
[BlackClock "00:07:40"]
[PlyCount "137"]
[WhiteFideId "16278984"]
[BlackFideId "16246861"]
[EventCountry "GER"]
[EventRounds "9"]
[EventType "swiss"]
[EventDate "2021.08.22"]

1. e4 {[%clk 1:30:57]} e6 {[%clk 1:30:51]} 2. d4 {[%clk 1:31:22]} d5 {[%clk
1:31:13]} 3. exd5 {[%clk 1:31:47]} exd5 {[%clk 1:31:34]} 4. Bd3 {[%clk
1:32:11]} c5 {[%clk 1:31:52]} 5. dxc5 {[%clk 1:32:31]} Bxc5 {[%clk 1:32:12]} 6.
Nf3 {[%clk 1:32:12]} Nf6 {[%clk 1:32:32]} 7. O-O {[%clk 1:31:48]} O-O {[%clk
1:32:51]} 8. Bf4 {[%clk 1:27:52]} Qb6 {[%clk 1:29:28]} 9. Qc1 {[%clk 1:22:37]}
Nc6 {[%clk 1:29:14]} 10. Nc3 {[%clk 1:22:01]} Nb4 {[%clk 1:25:11]} 11. Na4
{[%clk 1:18:24]} Qa5 {[%clk 1:24:57]} 12. Nxc5 {[%clk 1:17:59]} Qxc5 {[%clk
1:25:25]} 13. Qd2 {[%clk 1:13:49]} Bd7 {[%clk 1:22:12]} 14. Be3 {[%clk
1:07:40]} Qd6 {[%clk 1:20:37]} 15. Bf4 {[%clk 1:06:34]} Qc5 {[%clk 1:20:54]}
16. Be3 {[%clk 1:06:56]} Qe7 {[%clk 1:11:37]} 17. c3 {[%clk 1:05:25]} Nxd3
{[%clk 1:09:56]} 18. Qxd3 {[%clk 1:05:47]} Bc6 {[%clk 1:09:41]} 19. Rfe1 {[%clk
1:05:21]} Qd6 {[%clk 1:09:34]} 20. Rad1 {[%clk 1:02:13]} a6 {[%clk 1:07:10]}
21. h3 {[%clk 0:58:42]} Rad8 {[%clk 1:05:40]} 22. Nd4 {[%clk 0:57:17]} Ne4
{[%clk 0:56:54]} 23. Nxc6 {[%clk 0:49:28]} bxc6 {[%clk 0:55:42]} 24. Bb6 {[%clk
0:49:16]} Rb8 {[%clk 0:52:14]} 25. Ba7 {[%clk 0:47:45]} Ra8 {[%clk 0:50:52]}
26. Rxe4 {[%clk 0:38:02]} Rxa7 {[%clk 0:50:37]} 27. c4 {[%clk 0:36:45]} Rd7
{[%clk 0:49:47]} 28. cxd5 {[%clk 0:35:06]} cxd5 {[%clk 0:50:03]} 29. Ra4 {[%clk
0:34:56]} Ra8 {[%clk 0:49:54]} 30. Ra5 {[%clk 0:35:08]} g6 {[%clk 0:43:12]} 31.
Rxd5 {[%clk 0:33:21]} Qxd5 {[%clk 0:43:29]} 32. Qxd5 {[%clk 0:33:48]} Rxd5
{[%clk 0:43:58]} 33. Rxd5 {[%clk 0:34:17]} Rb8 {[%clk 0:43:48]} 34. b3 {[%clk
0:33:18]} Rb6 {[%clk 0:43:46]} 35. Kf1 {[%clk 0:33:20]} Re6 {[%clk 0:43:32]}
36. Rd3 {[%clk 0:32:45]} Kg7 {[%clk 0:43:26]} 37. Re3 {[%clk 0:32:42]} Rc6
{[%clk 0:43:48]} 38. g3 {[%clk 0:31:25]} g5 {[%clk 0:43:10]} 39. b4 {[%clk
0:30:47]} f6 {[%clk 0:42:20]} 40. a4 {[%clk 0:30:08]} Kf7 {[%clk 0:38:17]} 41.
Kg2 {[%clk 0:28:36]} Rc2 {[%clk 0:36:11]} 42. Rb3 {[%clk 0:28:45]} Rc6 {[%clk
0:35:13]} 43. Kf3 {[%clk 0:27:47]} Ke6 {[%clk 0:33:37]} 44. Ke4 {[%clk
0:26:39]} Rc4+ {[%clk 0:29:53]} 45. Kd3 {[%clk 0:26:25]} Kd5 {[%clk 0:30:15]}
46. b5 {[%clk 0:25:04]} Rxa4 {[%clk 0:28:44]} 47. b6 {[%clk 0:25:04]} Rd4+
{[%clk 0:29:07]} 48. Ke3 {[%clk 0:25:04]} Re4+ {[%clk 0:29:25]} 49. Kf3 {[%clk
0:25:18]} Re8 {[%clk 0:29:47]} 50. Ra3 {[%clk 0:25:31]} Rb8 {[%clk 0:22:48]}
51. Rxa6 {[%clk 0:25:42]} h5 {[%clk 0:23:08]} 52. b7 {[%clk 0:25:07]} Rxb7
{[%clk 0:21:18]} 53. Rxf6 {[%clk 0:25:31]} Rg7 {[%clk 0:21:35]} 54. Rh6 {[%clk
0:25:00]} g4+ {[%clk 0:21:16]} 55. Kg2 {[%clk 0:24:56]} Rg5 {[%clk 0:21:34]}
56. Ra6 {[%clk 0:22:37]} Ke4 {[%clk 0:19:13]} 57. Ra4+ {[%clk 0:21:08]} Kf5
{[%clk 0:17:22]} 58. h4 {[%clk 0:19:48]} Rg7 {[%clk 0:17:08]} 59. Ra5+ {[%clk
0:17:44]} Kg6 {[%clk 0:17:17]} 60. Ra6+ {[%clk 0:18:05]} Kh7 {[%clk 0:17:14]}
61. Re6 {[%clk 0:17:59]} Ra7 {[%clk 0:16:59]} 62. Kf1 {[%clk 0:18:08]} Ra2
{[%clk 0:16:47]} 63. Ke1 {[%clk 0:16:19]} Kg7 {[%clk 0:16:48]} 64. Re2 {[%clk
0:12:26]} Rxe2+ {[%clk 0:07:13]} 65. Kxe2 {[%clk 0:12:28]} Kf6 {[%clk 0:07:35]}
66. Kd3 Kf5 {[%clk 0:07:11]} 67. Kd4 {[%clk 0:11:22]} Kf6 {[%clk 0:07:22]} 68.
Ke4 {[%clk 0:08:55]} Ke6 {[%clk 0:07:40]} 69. Kf4 {[%clk 0:08:55]} 1/2-1/2

[Event "DEM U14 2021"]
[Site "Willingen GER"]
[Date "2021.08.23"]
[Round "1"]
[White "Zhou, Lepu Coco"]
[Black "Aumüller, Naum"]
[Result "1-0"]
[Termination "normal"]
[Board "11"]
[WhiteElo "2009"]
[BlackElo "1674"]
[WhiteClock "00:01:03"]
[BlackClock "00:00:49"]
[PlyCount "87"]
[WhiteFideId "16217136"]
[BlackFideId "16263960"]
[EventCountry "GER"]
[EventRounds "9"]
[EventType "swiss"]
[EventDate "2021.08.22"]

1. e4 {[%clk 1:30:55]} e5 {[%clk 1:30:54]} 2. Nf3 {[%clk 1:31:14]} Nc6 {[%clk
1:31:17]} 3. Bb5 {[%clk 1:31:31]} f5 {[%clk 1:30:54]} 4. d3 {[%clk 1:30:49]}
fxe4 {[%clk 1:31:18]} 5. dxe4 {[%clk 1:28:03]} Nf6 {[%clk 1:31:09]} 6. O-O
{[%clk 1:24:08]} d6 {[%clk 1:25:35]} 7. Re1 {[%clk 1:21:23]} Bg4 {[%clk
1:22:28]} 8. c4 {[%clk 1:16:02]} Be7 {[%clk 1:17:28]} 9. Nbd2 {[%clk 1:07:26]}
O-O {[%clk 1:08:00]} 10. Qb3 {[%clk 1:01:26]} Nh5 {[%clk 0:49:52]} 11. c5+
{[%clk 0:59:16]} Kh8 {[%clk 0:49:35]} 12. h3 {[%clk 0:55:08]} Bd7 {[%clk
0:46:32]} 13. Nf1 {[%clk 0:49:47]} Qe8 {[%clk 0:38:10]} 14. cxd6 {[%clk
0:38:50]} cxd6 {[%clk 0:34:23]} 15. Be2 {[%clk 0:26:00]} Qg6 {[%clk 0:30:35]}
16. Kh2 {[%clk 0:25:54]} b6 {[%clk 0:20:55]} 17. Qd3 {[%clk 0:09:18]} Nd8
{[%clk 0:17:25]} 18. Nxe5 {[%clk 0:08:04]} dxe5 {[%clk 0:16:11]} 19. Bxh5
{[%clk 0:08:21]} Qxh5 {[%clk 0:15:29]} 20. Qxd7 {[%clk 0:08:42]} Bh4 {[%clk
0:11:19]} 21. Ng3 {[%clk 0:06:19]} Qg6 {[%clk 0:09:47]} 22. Be3 {[%clk
0:04:26]} Ne6 {[%clk 0:06:16]} 23. Qd5 {[%clk 0:03:58]} Bxg3+ {[%clk 0:03:22]}
24. fxg3 {[%clk 0:04:21]} Rae8 {[%clk 0:03:24]} 25. Rac1 {[%clk 0:03:50]} Ng5
{[%clk 0:01:23]} 26. Bxg5 {[%clk 0:02:49]} Qxg5 {[%clk 0:01:48]} 27. Rf1 {[%clk
0:02:47]} h5 {[%clk 0:01:13]} 28. Qd6 {[%clk 0:02:20]} Kg8 {[%clk 0:00:53]} 29.
Qd5+ {[%clk 0:02:23]} Kh8 {[%clk 0:01:15]} 30. h4 {[%clk 0:01:37]} Qe3 {[%clk
0:00:47]} 31. Rce1 {[%clk 0:01:15]} Qd4 {[%clk 0:00:56]} 32. Qxd4 {[%clk
0:00:56]} exd4 {[%clk 0:01:22]} 33. Kg1 {[%clk 0:00:47]} Kh7 {[%clk 0:01:09]}
34. Rf3 {[%clk 0:01:00]} Kg6 {[%clk 0:01:03]} 35. Rd1 {[%clk 0:01:15]} Rxf3
{[%clk 0:00:42]} 36. gxf3 {[%clk 0:01:40]} Rd8 {[%clk 0:01:05]} 37. Kf2 {[%clk
0:01:48]} Kf6 {[%clk 0:01:02]} 38. Ke2 {[%clk 0:01:40]} g5 {[%clk 0:00:35]} 39.
hxg5+ {[%clk 0:01:39]} Kxg5 {[%clk 0:01:02]} 40. Kd3 {[%clk 0:01:40]} b5 {[%clk
0:00:41]} 41. Rc1 {[%clk 0:01:43]} Rf8 {[%clk 0:00:36]} 42. Rc5+ {[%clk
0:01:22]} Kg6 {[%clk 0:00:54]} 43. f4 {[%clk 0:00:45]} h4 {[%clk 0:00:49]} 44.
f5+ {[%clk 0:01:03]} 1-0

[Event "DEM U14 2021"]
[Site "Willingen GER"]
[Date "2021.08.23"]
[Round "1"]
[White "Udelnov, Valentin"]
[Black "Hecht, Jonas Christian"]
[Result "0-1"]
[Termination "normal"]
[Board "12"]
[WhiteElo "1728"]
[BlackElo "1948"]
[WhiteClock "00:24:36"]
[BlackClock "00:50:19"]
[PlyCount "112"]
[WhiteFideId "16265734"]
[BlackFideId "16214846"]
[EventCountry "GER"]
[EventRounds "9"]
[EventType "swiss"]
[EventDate "2021.08.22"]

1. e4 {[%clk 1:30:57]} c5 {[%clk 1:30:57]} 2. Nf3 {[%clk 1:31:21]} e6 {[%clk
1:31:23]} 3. d4 {[%clk 1:31:46]} cxd4 {[%clk 1:31:50]} 4. Nxd4 {[%clk 1:32:09]}
Nc6 {[%clk 1:32:15]} 5. Nc3 {[%clk 1:26:09]} Qc7 {[%clk 1:32:34]} 6. Be2 {[%clk
1:25:38]} a6 {[%clk 1:32:56]} 7. O-O {[%clk 1:25:57]} b5 {[%clk 1:31:29]} 8. a3
{[%clk 1:19:42]} Bb7 {[%clk 1:30:54]} 9. Be3 {[%clk 1:20:06]} Nf6 {[%clk
1:28:52]} 10. f4 {[%clk 1:16:20]} d6 {[%clk 1:26:24]} 11. Bf3 {[%clk 1:16:25]}
Nxd4 {[%clk 1:24:50]} 12. Bxd4 {[%clk 1:15:18]} e5 {[%clk 1:25:11]} 13. Be3
{[%clk 1:14:32]} Be7 {[%clk 1:18:40]} 14. f5 {[%clk 1:10:34]} h6 {[%clk
1:16:47]} 15. Qe1 {[%clk 1:09:58]} Qc4 {[%clk 1:08:25]} 16. Qg3 {[%clk
1:02:27]} Nxe4 {[%clk 1:02:17]} 17. Bxe4 {[%clk 1:01:48]} Bxe4 {[%clk 1:02:33]}
18. Qxg7 {[%clk 1:01:32]} O-O-O {[%clk 1:02:48]} 19. Qg4 {[%clk 0:53:57]} Bc6
{[%clk 0:52:43]} 20. Qxc4 {[%clk 0:53:54]} bxc4 {[%clk 0:53:04]} 21. f6 {[%clk
0:53:05]} Rhg8 {[%clk 0:51:57]} 22. g3 {[%clk 0:52:50]} Bf8 {[%clk 0:51:46]}
23. Rad1 {[%clk 0:44:54]} d5 {[%clk 0:49:28]} 24. Bb6 {[%clk 0:38:13]} Rd7
{[%clk 0:49:10]} 25. Rf5 {[%clk 0:33:53]} d4 {[%clk 0:47:08]} 26. Na2 {[%clk
0:28:07]} Kb7 {[%clk 0:38:52]} 27. Ba5 {[%clk 0:27:45]} Rd5 {[%clk 0:36:39]}
28. Be1 {[%clk 0:22:40]} Bd7 {[%clk 0:34:53]} 29. Rf2 {[%clk 0:22:37]} Bc5
{[%clk 0:33:09]} 30. Nc3 {[%clk 0:17:28]} dxc3 {[%clk 0:29:44]} 31. Rxd5 {[%clk
0:17:52]} Bxf2+ {[%clk 0:29:55]} 32. Kxf2 {[%clk 0:18:16]} Kc6 {[%clk 0:26:22]}
33. Rd1 {[%clk 0:18:23]} cxb2 {[%clk 0:26:22]} 34. Bc3 {[%clk 0:17:55]} Rb8
{[%clk 0:25:26]} 35. Rb1 {[%clk 0:18:20]} Kd5 {[%clk 0:23:26]} 36. Ke3 {[%clk
0:14:26]} Bf5 {[%clk 0:23:20]} 37. Rxb2 {[%clk 0:14:43]} Rxb2 {[%clk 0:23:46]}
38. Bxb2 {[%clk 0:15:08]} Bxc2 {[%clk 0:24:11]} 39. Bc3 {[%clk 0:12:09]} Ke6
{[%clk 0:24:03]} 40. Ba5 {[%clk 0:10:22]} Kxf6 {[%clk 0:22:46]} 41. Bc3 {[%clk
0:08:01]} Kf5 {[%clk 0:21:05]} 42. h3 {[%clk 0:08:09]} h5 {[%clk 0:21:08]} 43.
h4 {[%clk 0:02:58]} f6 {[%clk 0:19:55]} 44. Ba5 {[%clk 0:02:07]} Kg4 {[%clk
0:19:07]} 45. Kf2 {[%clk 0:02:32]} Bd3 {[%clk 0:18:43]} 46. Bc3 {[%clk
0:01:58]} Bb1 {[%clk 0:17:57]} 47. Ba5 {[%clk 0:02:02]} f5 {[%clk 0:17:01]} 48.
Bc3 {[%clk 0:02:21]} f4 {[%clk 0:17:17]} 49. Bxe5 {[%clk 0:26:01]} fxg3+ {[%clk
0:47:38]} 50. Bxg3 {[%clk 0:26:26]} c3 {[%clk 0:48:01]} 51. Be5 {[%clk
0:26:53]} c2 {[%clk 0:48:26]} 52. Bb2 {[%clk 0:27:20]} Kxh4 {[%clk 0:48:51]}
53. Ke2 {[%clk 0:26:29]} Kg3 {[%clk 0:49:13]} 54. Kd2 {[%clk 0:26:52]} h4
{[%clk 0:49:31]} 55. Kc1 {[%clk 0:24:07]} h3 {[%clk 0:49:54]} 56. Be5+ {[%clk
0:24:36]} Kg2 {[%clk 0:50:19]} 0-1